00930nam a2200241Ia 450000500170000000800410001702000190005804100080007708200190008510000210010424500430012525000120016826000330018030000090021350000280022265000360025070000310028690600110031794200070032899900170033595201740035295201620052620251122105829.0230125s9999 xx 000 0 und d a978-1529068252 aeng a158.1bGLA/SLO aGlazer R9215506 aHow to Thrive in the Virtual Workplace a1st Ed. c2021bBluebird BooksaLondon a217p aPersonality Development aPersonality Development9213420 aGlazer R & Sloan M9215507 b124.75 cBK c96726d96726 00104070aHIMRbHIMRd2021-03-13eForward Booksg499.00i11380l1o158.1 GLA/SLO B21577pHIMR-BK-21577r2023-04-28 00:00:00s2023-04-25v374.25w2021-03-12yBKzB21577 00104070aHIMRbHIMRd2021-03-13eForward Booksg499.00i11380l0o158.1 GLA/SLO B21576pHIMR-BK-21576r2023-01-25 00:00:00v374.25w2021-03-12yBKzB21576